| 000 | 01516nam a2200373 a 4500 | ||
|---|---|---|---|
| 001 | ebr10640723 | ||
| 003 | CaPaEBR | ||
| 006 | m u | ||
| 007 | cr cn||||||||| | ||
| 008 | 120727s2013 enkad sb 001 0 eng d | ||
| 010 | _z 2012029816 | ||
| 020 | _z9781409448655 (hbk. : alk. paper) | ||
| 020 | _z9781409448662 (e-book) | ||
| 040 |
_aCaPaEBR _cCaPaEBR |
||
| 035 | _a(OCoLC)823040882 | ||
| 043 |
_af------ _af-ao--- _aa-cc--- |
||
| 050 | 1 | 4 |
_aDT1355.C6 _bC67 2013eb |
| 082 | 0 | 4 |
_a336.3/609673 _223 |
| 100 | 1 | _aCorkin, Lucy. | |
| 245 | 1 | 0 |
_aUncovering African agency _h[electronic resource] : _bAngola's management of China's credit lines / _cLucy Corkin. |
| 260 |
_aFarnham ; _aBurlington, Vt. : _bAshgate, _cc2013. |
||
| 300 |
_axi, 244 p. : _bill. |
||
| 504 | _aIncludes bibliographical references and index. | ||
| 533 |
_aElectronic reproduction. _bPalo Alto, Calif. : _cebrary, _d2013. _nAvailable via World Wide Web. _nAccess may be limited to ebrary affiliated libraries. |
||
| 651 | 0 |
_aAngola _xForeign relations _zChina. |
|
| 651 | 0 |
_aChina _xForeign relations _zAngola. |
|
| 651 | 0 |
_aAngola _xForeign economic relations _zChina. |
|
| 651 | 0 |
_aChina _xForeign economic relations _zAngola. |
|
| 651 | 0 |
_aAfrica _xForeign relations _zChina. |
|
| 651 | 0 |
_aChina _xForeign relations _zAfrica. |
|
| 655 | 7 |
_aElectronic books. _2local |
|
| 710 | 2 | _aebrary, Inc. | |
| 856 | 4 | 0 |
_uhttp://site.ebrary.com/lib/rucke/Doc?id=10640723 _zAn electronic book accessible through the World Wide Web; click to view |
| 999 |
_c48842 _d48842 |
||